00969namaa22001691 4500001000700000003000900007005001700016008004100033100004800074245017300122260007000295300002700365500005900392852020600451999001900657952012300676174061ES-MaACL20230906215427.0100210s1910 sp |||| | spa d1 aFernández-Shaw, Carlos,d1865-191195009813aLa tragedia del beso b: poema dramático en tres cantos : inspirado en la Comedia de Dante Alighieri (parte primera, el Infierno, canto V) /cCarlos Fernández Shaw. aMadrid : bSociedad de Autores Españoles, c1910 (fR. Velasco) a38 p., 2 h. ; c19 cm. aEn port.: Teatro de la Princesa - 14 de marzo de 1910. aES-MaACLjF-8649(6) z.- Enc. hol. conservando la cub. original z.- Enc. en un vol. facticio formando parte de la col. facticia "Teatro español moderno" v. 108 z.- Dedicatoria autógrafa del autor c174061d174061 00104070aATENEOMbATENEOMcSPP2d2010-02-10eSCl0oF-8649(6)p1182710r2023-02-23 00:00:00w2023-02-23yMONOGRAFIA